000
00298nam a22001337a 4500
003
SGT
082
_a
616.5
_b
I16M
100
_a
MAJID, IMRAN
245
_a
I A D V L RECENT ADVANCES IN DERMATOLOGY
260
_a
INDIA
_b
JAYPEE
_c
2016
300
_a
595
650
_a
DERMATOLOGY
942
_2
ddc
_c
BK
999
_c
14614
_d
14614